| 000 | 00405nam a2200157Ia 4500 | ||
|---|---|---|---|
| 008 | 230312s9999||||xx |||||||||||||| ||und|| | ||
| 020 | _a0-13-753989-4 | ||
| 082 |
_a338.1873 _bKNT-A |
||
| 100 | _aKnutson;Ronald.D | ||
| 245 | 0 | _aAgricultural and Food Policy | |
| 260 |
_bPrentice Hall _aIndia _c1998 |
||
| 300 | _a521 | ||
| 546 | _aEng. | ||
| 650 |
_aEconomics _vAgricultural and Food Policy |
||
| 942 | _cBK | ||
| 999 |
_c7349 _d7349 |
||